Taylor Swift song - one word at the time #13 - Statistics

General Stats
  • This quiz has been taken 21 times
  • The average score is 222 of 262
Answer Stats
Answer % Correct
a
100%
be
100%
But
100%
I've
100%
I
100%
I'm
100%
the
100%
you
100%
you'd
100%
You're
100%
an
92%
And
92%
and
92%
like
92%
my
92%
So
92%
so
92%
time
92%
to
92%
when
92%
adjusting
85%
all
85%
At
85%
at
85%
been
85%
didn't
85%
folklore
85%
hard
85%
having
85%
heart
85%
is
85%
just
85%
know
85%
least
85%
mad
85%
me
85%
of
85%
on
85%
that
85%
That
85%
They
85%
they're
85%
this
85%
this is me trying
85%
trying
85%
want
85%
wanted
85%
words
85%
about
77%
ahead
77%
anywhere
77%
became
77%
cages
77%
car
77%
classmates
77%
Could've
77%
curve
77%
days
77%
ended
77%
film
77%
had
77%
have
77%
here
77%
if
77%
in
77%
it's
77%
It's
77%
kill
77%
lot
77%
mental
77%
now
77%
one
77%
out
77%
party
77%
pour
77%
Pouring
77%
regrets
77%
rusting
77%
shiniest
77%
shoot
77%
stranger
77%
these
77%
told
77%
up
77%
was
77%
were
77%
what
77%
whiskey
77%
back
69%
behind
69%
came
69%
care
69%
don't
69%
feel
69%
Fell
69%
flashback
69%
got
69%
off
69%
open
69%
potential
69%
reel
69%
say
69%
screen
69%
sphere
69%
town
69%
wasted
69%
wheels
69%
wound
69%
your
69%
doorway
62%
down
62%
lookout
62%
quite
62%
road
62%
Pulled
54%
way
54%
fears
46%
followed
46%
maybe
38%
No matching quizzes found
Score Distribution
Percent of People with Each Score
Percentile by Number Answered
Your Score History
You have not taken this quiz